Bronze-Themed Trivia Quiz Stats

 Plays Quiz Updated Jul 11, 2017

Support Sporcle.
Go Orange.
Score 0/15 Timer 04:00
1 Play Today
Question Answer % Correct
The Bronze is a breed of domestic bird, popularly eaten on what holiday?Thanksgiving
89.4%
Bronzer, a cosmetic product, is a way to color the skin without partaking in what activity?tanning
88.7%
The Benin Bronzes, metal plaques, are located mostly in the British Museum of what city?London
87.7%
What film award statuette was originally a gold-plated solid bronze knight?Oscar
87.6%
In archaeology, what time period followed the Stone Age and Bronze Age?Iron Age
79.6%
Bronze is an alloy consisting primarily of what metal?copper
76.7%
Similar to Power Stars, Bronze Stars are found in what Nintendo gaming series?Super Mario
74%
The melting point of bronze varies, but is about 950 degrees on what temperature scale?Celsius
71.6%
Question Answer % Correct
In the 'Harry Potter' series, the colors of which house are bronze and blue?Ravenclaw
65.6%
The time period from about 1970-85 is often called 'The Bronze Age' led by what DC comic hero?Superman
65%
Bronze derives from Medieval Latin as 'bronzium' and from what language as 'bronzo'?Italian
63.6%
Bronze is the preferred metal for what type of percussion musical instruments?bells
62%
God commands the building of the Court of the Tabernacle & Bronze Altar in what Bible book?Exodus
47.1%
The practice of awarding bronze medals for 3rd place began at the 1904 Olympics in what city?St. Louis
24%
Fictional nightclub 'The Bronze' is found in what WB television series, first airing in 1997?Buffy the Vampire Slayer
21.4%

You're not logged in!

Compare scores with friends on all Sporcle quizzes.
OR
Log In
Forgot?

From the Vault

Over/Under: Literature

by Hejman

The quick brown fox jumps over/under the lazy dog.
Remove Ads.
Support Sporcle.
Get the best of Sporcle when you Go Orange. This ad-free experience offers more features, more stats, and more fun while also helping to support Sporcle. Thank you for becoming a member.

Show Comments

Extras

Top Quizzes Today


Score Distribution

Your Account Isn't Verified!

In order to create a playlist on Sporcle, you need to verify the email address you used during registration. Go to your Sporcle Settings to finish the process.

Report this User

Report this user for behavior that violates our Community Guidelines.

Details: